00774nam a2200253Ia 4500003000900000008004100009020002000050040001600070080001200086100002000098245006700118250001200185260003100197300001600228650001800244650001700262650001700279650003000296650002000326700002000346942000700366999001700373952013000390IN-BaIIA211028s9999 xx 000 0 eng d a0- 85274 -082-4 cIIA Library a52bROY aRoy, A. E99627 0aAstronomybstructure of the universec A. E. Roy and D. Clarke a3rd ed. aBristolbAdam Hilgerc1989 axiii, 299p. aEclipses9909 aNebulae9976 aSolar system aStellar atmospheres91135 aStellar motions aClarke, D99628 cBK c14966d14966 00104070aBANbBANcGENd2003-03-19eEDS g6038.76l0o52/ ROYp15888r2021-11-05v6038.76w2003-03-19yBKGRs. 6038.76